000 01342nam a2200205 a 4500
003 AM-YeHGA
005 20250617165041.0
008 250327s1927 ru |||||||||||||||0|rus|d
040 _aAM-YeHGA
041 0 _arus
110 2 _aВсероссийский съезд советов
_n(13)
245 1 0 _aБюллетень /
_cXIII Всероссийский съезд советов.
260 _aМосква :
_bВЦИК,
_c1927.
300 _aномер
505 1 0 _g№ 1 (43 с.) :
_tЗаседание первое ;
_g№ 2 (48 с.) :
_tЗаседание второе
_g№ 3 (57 с.) :
_tЗаседание третье
_g№ 4 (54 с.) :
_tЗаседание четвертое
_g№ 5 (44 с.) :
_tЗаседание пятое
_g№ 6 (48 с.) :
_tЗаседание шестое
_g№ 7 (51 с.) :
_tЗаседание седьмое
_g№ 8 (41 с.) :
_tЗаседание восьмое
_g№ 9 (54 с.) :
_tЗаседание девятое
_g№ 10 (56 с.) :
_tЗаседание десятое
_g№ 11 (19 с.) :
_tЗаседание одиннадцатое
_g№ 12 (10 с.) :
_tК заседанию одиннадцатому
_g№ 13 (65 с.) :
_tДиаграммы к докладам ;
_g№ 14 (54 с.) :
_tПостановления
650 1 4 _aИстория КПСС
942 _2udc
_cBK
001 2012550
090 _c573303
999 _c533864
_d533864